000 00589nam a2200193Ia 4500
008 151119s9999||||xx |||||||||||||| ||und||
082 _a891.463
082 _bGKKV4523
100 _aपटवर्धन मोरेश्वर
245 _aभेटीलागी जीवा
260 _a--
260 _b--
260 _c0
600 _aपटवर्धन मोरेश्वर
630 _aभेटीलागी जीवा
700 _aपटवर्धन मोरेश्वर
730 _aभेटीलागी जीवा
942 _cBOOK
999 _c1059800
_d1059797